[Event "DVM U16 2021"]
[Site "Kiel GER"]
[Date "2022.07.23"]
[Round "1"]
[White "Cilo, Selimhan"]
[Black "Herter, Arne"]
[Result "1-0"]
[Termination "normal"]
[Board "5.1"]
[WhiteElo "1500"]
[BlackElo "1951"]
[WhiteClock "00:02:30"]
[BlackClock "00:00:38"]
[WhiteTeam "SF 1876 Göppingen"]
[BlackTeam "Schachzwerge Magdeburg"]
[PlyCount "108"]
[WhiteFideId "16246756"]
[BlackFideId "16255372"]
[EventCountry "GER"]
[EventRounds "7"]
[EventType "team-swiss"]
[EventDate "2022.07.22"]

1. e4 {[%clk 01:30:55]} {[%emt 00:00:04]} e5 {[%clk 01:30:55]} {[%emt
00:00:05]} 2. Nf3 {[%clk 01:31:17]} {[%emt 00:00:09]} Nc6 {[%clk 01:31:17]}
{[%emt 00:00:08]} 3. Bc4 {[%clk 01:31:39]} {[%emt 00:00:07]} Bc5 {[%clk
01:31:21]} {[%emt 00:00:26]} 4. c3 {[%clk 01:32:02]} {[%emt 00:00:08]} Nf6
{[%clk 01:31:40]} {[%emt 00:00:10]} 5. d4 {[%clk 01:32:25]} {[%emt 00:00:08]}
exd4 {[%clk 01:31:52]} {[%emt 00:00:18]} 6. e5 {[%clk 01:32:50]} {[%emt
00:00:06]} d5 {[%clk 01:31:47]} {[%emt 00:00:34]} 7. Bb5 {[%clk 01:33:02]}
{[%emt 00:00:18]} Ne4 {[%clk 01:31:16]} {[%emt 00:01:01]} 8. cxd4 {[%clk
01:33:18]} {[%emt 00:00:14]} Bb6 {[%clk 01:31:08]} {[%emt 00:00:39]} 9. Nc3
{[%clk 01:32:28]} {[%emt 00:01:19]} O-O {[%clk 01:24:23]} {[%emt 00:07:15]} 10.
Be3 {[%clk 01:30:58]} {[%emt 00:02:00]} Ne7 {[%clk 01:11:59]} {[%emt 00:12:54]}
11. Bd3 {[%clk 01:15:53]} {[%emt 00:15:35]} Nxc3 {[%clk 00:41:15]} {[%emt
00:31:14]} 12. bxc3 {[%clk 01:14:54]} {[%emt 00:01:29]} Bf5 {[%clk 00:36:38]}
{[%emt 00:05:06]} 13. Bg5 {[%clk 00:51:23]} {[%emt 00:24:01]} Bxd3 {[%clk
00:28:38]} {[%emt 00:08:30]} 14. Qxd3 {[%clk 00:51:26]} {[%emt 00:00:27]} h6
{[%clk 00:27:51]} {[%emt 00:01:18]} 15. Bh4 {[%clk 00:48:33]} {[%emt 00:03:23]}
Qd7 {[%clk 00:23:21]} {[%emt 00:05:00]} 16. Bg3 {[%clk 00:42:03]} {[%emt
00:07:00]} c5 {[%clk 00:15:50]} {[%emt 00:08:00]} 17. O-O {[%clk 00:36:00]}
{[%emt 00:06:34]} cxd4 {[%clk 00:12:46]} {[%emt 00:03:34]} 18. cxd4 {[%clk
00:36:09]} {[%emt 00:00:20]} Rac8 {[%clk 00:12:23]} {[%emt 00:00:53]} 19. Rac1
{[%clk 00:19:14]} {[%emt 00:17:25]} Qa4 {[%clk 00:06:53]} {[%emt 00:06:00]} 20.
a3 {[%clk 00:14:54]} {[%emt 00:04:50]} Rc4 {[%clk 00:04:54]} {[%emt 00:02:29]}
21. Rxc4 {[%clk 00:13:09]} {[%emt 00:02:16]} Qxc4 {[%clk 00:03:48]} {[%emt
00:01:36]} 22. Qxc4 {[%clk 00:06:50]} {[%emt 00:06:49]} dxc4 {[%clk 00:04:12]}
{[%emt 00:00:06]} 23. Rc1 {[%clk 00:06:49]} {[%emt 00:00:30]} Rc8 {[%clk
00:04:24]} {[%emt 00:00:18]} 24. Bf4 {[%clk 00:06:29]} {[%emt 00:00:50]} Nd5
{[%clk 00:02:54]} {[%emt 00:02:00]} 25. Be3 {[%clk 00:06:07]} {[%emt 00:00:53]}
Ba5 {[%clk 00:02:02]} {[%emt 00:01:22]} 26. Kf1 {[%clk 00:04:25]} {[%emt
00:02:11]} c3 {[%clk 00:01:49]} {[%emt 00:00:43]} 27. Ne1 {[%clk 00:04:26]}
{[%emt 00:00:30]} b5 {[%clk 00:01:23]} {[%emt 00:00:56]} 28. Nc2 {[%clk
00:03:31]} {[%emt 00:01:25]} b4 {[%clk 00:00:50]} {[%emt 00:01:03]} 29. axb4
{[%clk 00:03:39]} {[%emt 00:00:22]} Bxb4 {[%clk 00:01:10]} {[%emt 00:00:10]}
30. Rb1 {[%clk 00:03:39]} {[%emt 00:00:30]} a5 {[%clk 00:01:27]} {[%emt
00:00:12]} 31. Ke2 {[%clk 00:03:27]} {[%emt 00:00:42]} Kf8 {[%clk 00:01:01]}
{[%emt 00:00:57]} 32. g4 {[%clk 00:02:42]} {[%emt 00:01:15]} Ke7 {[%clk
00:00:55]} {[%emt 00:00:35]} 33. Kd3 {[%clk 00:03:01]} {[%emt 00:00:12]} Kd7
{[%clk 00:00:47]} {[%emt 00:00:37]} 34. Ke4 {[%clk 00:02:09]} {[%emt 00:01:22]}
Kc6 {[%clk 00:01:07]} {[%emt 00:00:10]} 35. Bc1 {[%clk 00:01:36]} {[%emt
00:01:04]} Rd8 {[%clk 00:00:37]} {[%emt 00:01:00]} 36. g5 {[%clk 00:01:06]}
{[%emt 00:00:59]} hxg5 {[%clk 00:00:47]} {[%emt 00:00:20]} 37. Bxg5 {[%clk
00:01:31]} {[%emt 00:00:06]} Rd7 {[%clk 00:00:44]} {[%emt 00:00:33]} 38. f4
{[%clk 00:01:45]} {[%emt 00:00:16]} Kb5 {[%clk 00:00:44]} {[%emt 00:00:30]} 39.
f5 {[%clk 00:01:49]} {[%emt 00:00:26]} Kc4 {[%clk 00:00:44]} {[%emt 00:00:30]}
40. e6 {[%clk 00:01:32]} {[%emt 00:00:47]} fxe6 {[%clk 00:00:55]} {[%emt
00:00:18]} 41. fxe6 {[%clk 00:01:59]} {[%emt 00:00:04]} Ra7 {[%clk 00:22:58]}
{[%emt 00:08:27]} 42. Rf1 {[%clk 00:20:58]} {[%emt 00:11:30]} Ra6 {[%clk
00:06:15]} {[%emt 00:17:13]} 43. Ke5 {[%clk 00:06:55]} {[%emt 00:14:34]} Bd6+
{[%clk 00:02:20]} {[%emt 00:04:24]} 44. Kf5 {[%clk 00:07:02]} {[%emt 00:00:23]}
Ra7 {[%clk 00:00:40]} {[%emt 00:02:10]} 45. Ke4 {[%clk 00:01:37]} {[%emt
00:05:56]} Be7 {[%clk 00:00:38]} {[%emt 00:00:31]} 46. Bxe7 {[%clk 00:01:38]}
{[%emt 00:00:29]} Rxe7 {[%clk 00:00:45]} {[%emt 00:00:23]} 47. Na3+ {[%clk
00:02:01]} {[%emt 00:00:07]} Kb3 {[%clk 00:00:49]} {[%emt 00:00:26]} 48. Kxd5
{[%clk 00:02:08]} {[%emt 00:00:23]} Kxa3 {[%clk 00:01:07]} {[%emt 00:00:13]}
49. Kd6 {[%clk 00:01:53]} {[%emt 00:00:45]} Re8 {[%clk 00:01:26]} {[%emt
00:00:11]} 50. Kd7 {[%clk 00:02:06]} {[%emt 00:00:17]} Ra8 {[%clk 00:01:04]}
{[%emt 00:00:51]} 51. e7 {[%clk 00:01:55]} {[%emt 00:00:41]} Ra7+ {[%clk
00:00:49]} {[%emt 00:00:45]} 52. Ke6 {[%clk 00:02:04]} {[%emt 00:00:21]} Ra6+
{[%clk 00:00:54]} {[%emt 00:00:26]} 53. Kf7 {[%clk 00:02:09]} {[%emt 00:00:25]}
Ra7 {[%clk 00:00:38]} {[%emt 00:00:45]} 54. Kf8 {[%clk 00:02:30]} {[%emt
00:00:09]} Ra8+ {[%emt 00:00:53]} 1-0

[Event "DVM U16 2021"]
[Site "Kiel GER"]
[Date "2022.07.23"]
[Round "1"]
[White "Morgenstern, Tobias"]
[Black "Kittel, Lennart"]
[Result "0-1"]
[Termination "normal"]
[Board "5.2"]
[WhiteElo "1901"]
[BlackElo "1557"]
[WhiteClock "00:11:09"]
[BlackClock "00:02:06"]
[WhiteTeam "Schachzwerge Magdeburg"]
[BlackTeam "SF 1876 Göppingen"]
[PlyCount "44"]
[WhiteFideId "12974390"]
[BlackFideId "16254171"]
[EventCountry "GER"]
[EventRounds "7"]
[EventType "team-swiss"]
[EventDate "2022.07.22"]

1. e4 {[%clk 01:30:57]} {[%emt 00:00:03]} c5 {[%clk 01:30:50]} {[%emt
00:00:10]} 2. Nf3 {[%clk 01:31:11]} {[%emt 00:00:16]} a6 {[%clk 01:31:05]}
{[%emt 00:00:14]} 3. c3 {[%clk 01:31:17]} {[%emt 00:00:24]} e6 {[%clk
01:30:43]} {[%emt 00:00:51]} 4. d4 {[%clk 01:30:06]} {[%emt 00:01:42]} cxd4
{[%clk 01:29:40]} {[%emt 00:01:34]} 5. cxd4 {[%clk 01:28:46]} {[%emt 00:01:50]}
d5 {[%clk 01:29:32]} {[%emt 00:00:37]} 6. exd5 {[%clk 01:22:03]} {[%emt
00:07:13]} exd5 {[%clk 01:29:24]} {[%emt 00:00:39]} 7. Bd3 {[%clk 01:20:37]}
{[%emt 00:01:56]} Nf6 {[%clk 01:27:35]} {[%emt 00:02:18]} 8. O-O {[%clk
01:20:03]} {[%emt 00:01:04]} Bg4 {[%clk 01:21:02]} {[%emt 00:07:02]} 9. Re1+
{[%clk 01:12:58]} {[%emt 00:07:36]} Be7 {[%clk 01:20:17]} {[%emt 00:01:15]} 10.
Qa4+ {[%clk 01:11:12]} {[%emt 00:02:16]} Nc6 {[%clk 01:12:42]} {[%emt
00:08:05]} 11. Ne5 {[%clk 01:06:42]} {[%emt 00:05:00]} Bd7 {[%clk 01:06:23]}
{[%emt 00:06:49]} 12. Nxd7 {[%clk 01:04:47]} {[%emt 00:02:25]} Qxd7 {[%clk
01:03:57]} {[%emt 00:02:57]} 13. Nd2 {[%clk 01:00:52]} {[%emt 00:04:25]} O-O
{[%clk 01:02:36]} {[%emt 00:01:50]} 14. Nf3 {[%clk 01:01:09]} {[%emt 00:00:13]}
Rfe8 {[%clk 00:58:38]} {[%emt 00:04:27]} 15. Bg5 {[%clk 00:53:48]} {[%emt
00:07:52]} h6 {[%clk 00:48:18]} {[%emt 00:10:50]} 16. Bh4 {[%clk 00:49:17]}
{[%emt 00:05:01]} Ne4 {[%clk 00:40:39]} {[%emt 00:08:08]} 17. Bxe7 {[%clk
00:34:57]} {[%emt 00:14:51]} Rxe7 {[%clk 00:35:56]} {[%emt 00:05:13]} 18. Rac1
{[%clk 00:27:11]} {[%emt 00:08:15]} Rae8 {[%clk 00:27:28]} {[%emt 00:08:58]}
19. Re3 {[%clk 00:21:07]} {[%emt 00:06:35]} Ng5 {[%clk 00:21:26]} {[%emt
00:06:32]} 20. Nxg5 {[%clk 00:12:55]} {[%emt 00:08:41]} Rxe3 {[%clk 00:17:53]}
{[%emt 00:04:03]} 21. fxe3 {[%clk 00:13:12]} {[%emt 00:00:13]} hxg5 {[%clk
00:03:59]} {[%emt 00:14:24]} 22. Bxa6 {[%clk 00:11:09]} {[%emt 00:02:33]} Ra8
{[%clk 00:02:06]} {[%emt 00:02:23]} 0-1

[Event "DVM U16 2021"]
[Site "Kiel GER"]
[Date "2022.07.23"]
[Round "1"]
[White "Schedel, Loris"]
[Black "Zeuner, Ole"]
[Result "0-1"]
[Termination "normal"]
[Board "5.3"]
[WhiteElo "1520"]
[BlackElo "1796"]
[WhiteClock "00:27:15"]
[BlackClock "00:43:53"]
[WhiteTeam "SF 1876 Göppingen"]
[BlackTeam "Schachzwerge Magdeburg"]
[PlyCount "88"]
[WhiteFideId "16255542"]
[BlackFideId "12943576"]
[EventCountry "GER"]
[EventRounds "7"]
[EventType "team-swiss"]
[EventDate "2022.07.22"]

1. e4 {[%clk 01:30:56]} {[%emt 00:00:04]} e5 {[%clk 01:30:45]} {[%emt
00:00:16]} 2. Nf3 {[%clk 01:31:17]} {[%emt 00:00:08]} Nc6 {[%clk 01:31:09]}
{[%emt 00:00:06]} 3. Bc4 {[%clk 01:31:41]} {[%emt 00:00:06]} Nf6 {[%clk
01:30:56]} {[%emt 00:00:43]} 4. d3 {[%clk 01:31:00]} {[%emt 00:01:12]} h6
{[%clk 01:30:31]} {[%emt 00:00:55]} 5. O-O {[%clk 01:29:27]} {[%emt 00:02:03]}
d6 {[%clk 01:30:11]} {[%emt 00:00:50]} 6. h3 {[%clk 01:25:30]} {[%emt
00:04:27]} Na5 {[%clk 01:26:04]} {[%emt 00:04:37]} 7. Bb3 {[%clk 01:22:27]}
{[%emt 00:03:33]} Nxb3 {[%clk 01:26:22]} {[%emt 00:00:11]} 8. axb3 {[%clk
01:22:41]} {[%emt 00:00:16]} g6 {[%clk 01:21:26]} {[%emt 00:05:27]} 9. Re1
{[%clk 01:19:18]} {[%emt 00:03:53]} Bg7 {[%clk 01:21:27]} {[%emt 00:00:28]} 10.
Nc3 {[%clk 01:16:31]} {[%emt 00:03:18]} O-O {[%clk 01:21:34]} {[%emt 00:00:22]}
11. Be3 {[%clk 01:14:17]} {[%emt 00:02:45]} Kh7 {[%clk 01:20:04]} {[%emt
00:02:00]} 12. Qd2 {[%clk 01:08:46]} {[%emt 00:06:02]} Nh5 {[%clk 01:12:23]}
{[%emt 00:08:10]} 13. g4 {[%clk 00:41:38]} {[%emt 00:27:38]} Nf6 {[%clk
01:11:50]} {[%emt 00:01:01]} 14. g5 {[%clk 00:30:27]} {[%emt 00:11:42]} hxg5
{[%clk 01:11:15]} {[%emt 00:01:06]} 15. Kg2 {[%clk 00:29:30]} {[%emt 00:01:27]}
g4 {[%clk 01:06:05]} {[%emt 00:05:40]} 16. hxg4 {[%clk 00:25:26]} {[%emt
00:04:34]} Nxg4 {[%clk 01:04:41]} {[%emt 00:01:54]} 17. Rh1+ {[%clk 00:23:33]}
{[%emt 00:02:23]} Kg8 {[%clk 01:04:55]} {[%emt 00:00:15]} 18. Bh6 {[%clk
00:22:21]} {[%emt 00:01:43]} Nxh6 {[%clk 01:03:07]} {[%emt 00:02:17]} 19. Rxh6
{[%clk 00:21:05]} {[%emt 00:01:46]} Bg4 {[%clk 00:55:37]} {[%emt 00:08:01]} 20.
Rah1 {[%clk 00:17:57]} {[%emt 00:03:37]} Qf6 {[%clk 00:51:05]} {[%emt
00:05:02]} 21. Ng1 {[%clk 00:10:47]} Bxh6 {[%clk 00:46:29]} {[%emt 00:12:46]}
22. Qxh6 {[%clk 00:11:05]} Qg7 {[%clk 00:46:40]} {[%emt 00:00:31]} 23. Qg5
{[%clk 00:09:54]} Be6 {[%clk 00:44:48]} {[%emt 00:04:03]} 24. Nge2 {[%clk
00:08:47]} f6 {[%clk 00:42:56]} {[%emt 00:04:00]} 25. Qh4 {[%clk 00:08:54]} Kf7
{[%clk 00:42:02]} {[%emt 00:01:46]} 26. Qh7 {[%clk 00:05:41]} Rh8 {[%clk
00:41:49]} {[%emt 00:04:26]} 27. Qxg7+ {[%clk 00:05:48]} Kxg7 {[%clk 00:42:16]}
{[%emt 00:00:27]} 28. Rxh8 {[%clk 00:06:09]} Rxh8 {[%clk 00:42:33]} {[%emt
00:00:21]} 29. Nb5 {[%clk 00:06:32]} c6 {[%clk 00:40:27]} {[%emt 00:02:43]} 30.
Nxd6 {[%clk 00:06:34]} b6 {[%clk 00:40:43]} {[%emt 00:00:40]} 31. f4 {[%clk
00:05:47]} Rd8 {[%clk 00:39:53]} {[%emt 00:02:39]} 32. fxe5 fxe5 {[%clk
00:40:10]} 33. Nc4 {[%clk 00:06:23]} {[%emt 00:00:03]} Bxc4 {[%clk 00:40:30]}
{[%emt 00:00:10]} 34. bxc4 {[%clk 00:06:46]} {[%emt 00:00:08]} Kf6 {[%clk
00:40:02]} {[%emt 00:00:56]} 35. Kf2 {[%clk 00:06:33]} {[%emt 00:00:43]} Kg5
{[%clk 00:36:32]} {[%emt 00:04:00]} 36. Kg3 {[%clk 00:06:55]} {[%emt 00:00:08]}
a5 {[%clk 00:36:31]} {[%emt 00:00:31]} 37. Nc3 {[%clk 00:06:59]} {[%emt
00:00:26]} Kf6 {[%clk 00:33:52]} {[%emt 00:03:10]} 38. Kg4 {[%clk 00:07:02]}
{[%emt 00:00:27]} Rh8 {[%clk 00:32:47]} {[%emt 00:01:35]} 39. Na4 {[%clk
00:05:39]} {[%emt 00:01:53]} Rb8 {[%clk 00:27:47]} {[%emt 00:05:30]} 40. c3
{[%clk 00:02:18]} {[%emt 00:03:50]} Rd8 {[%clk 00:22:13]} {[%emt 00:06:04]} 41.
Nxb6 {[%clk 00:00:41]} {[%emt 00:02:08]} Rxd3 {[%clk 00:22:33]} {[%emt
00:00:09]} 42. c5 {[%clk 00:29:20]} {[%emt 00:01:51]} Re3 {[%clk 00:50:53]}
{[%emt 00:02:10]} 43. Nd7+ {[%clk 00:28:28]} {[%emt 00:01:23]} Kg7 {[%clk
00:47:49]} {[%emt 00:03:31]} 44. b4 {[%clk 00:27:15]} {[%emt 00:01:45]} a4
{[%clk 00:43:53]} {[%emt 00:04:26]} 0-1

[Event "DVM U16 2021"]
[Site "Kiel GER"]
[Date "2022.07.23"]
[Round "1"]
[White "Pohle, Saskia"]
[Black "Heilig, Tim Markus"]
[Result "1/2-1/2"]
[Termination "normal"]
[Board "5.4"]
[WhiteElo "1845"]
[BlackElo "1365"]
[WhiteClock "00:19:20"]
[BlackClock "00:13:18"]
[WhiteTeam "Schachzwerge Magdeburg"]
[BlackTeam "SF 1876 Göppingen"]
[PlyCount "51"]
[WhiteFideId "16201604"]
[BlackFideId "16295935"]
[EventCountry "GER"]
[EventRounds "7"]
[EventType "team-swiss"]
[EventDate "2022.07.22"]

1. e4 {[%clk 01:30:58]} {[%emt 00:00:02]} e5 {[%clk 01:30:54]} {[%emt
00:00:07]} 2. Nf3 {[%clk 01:31:24]} {[%emt 00:00:05]} Nc6 {[%clk 01:31:19]}
{[%emt 00:00:04]} 3. Bb5 {[%clk 01:31:49]} {[%emt 00:00:05]} a6 {[%clk
01:30:23]} {[%emt 00:01:26]} 4. Ba4 {[%clk 01:32:08]} {[%emt 00:00:10]} b5
{[%clk 01:30:48]} {[%emt 00:00:05]} 5. Bb3 {[%clk 01:32:30]} {[%emt 00:00:09]}
Nf6 {[%clk 01:30:36]} {[%emt 00:00:42]} 6. O-O {[%clk 01:30:15]} {[%emt
00:02:45]} Be7 {[%clk 01:28:27]} {[%emt 00:02:39]} 7. Re1 {[%clk 01:30:38]}
{[%emt 00:00:08]} d6 {[%clk 01:24:26]} {[%emt 00:04:30]} 8. c3 {[%clk
01:30:51]} {[%emt 00:00:17]} O-O {[%clk 01:19:25]} {[%emt 00:05:30]} 9. h3
{[%clk 01:30:43]} {[%emt 00:00:39]} Bb7 {[%clk 01:16:19]} {[%emt 00:03:36]} 10.
d4 {[%clk 01:29:49]} {[%emt 00:01:25]} exd4 {[%clk 01:13:49]} {[%emt 00:02:59]}
11. cxd4 {[%clk 01:30:04]} {[%emt 00:00:15]} Nd7 {[%clk 01:09:20]} {[%emt
00:04:59]} 12. Nbd2 {[%clk 01:22:31]} {[%emt 00:08:02]} Bf6 {[%clk 01:00:39]}
{[%emt 00:09:12]} 13. Nf1 {[%clk 01:19:55]} {[%emt 00:03:06]} Na5 {[%clk
00:56:36]} {[%emt 00:04:32]} 14. Bc2 {[%clk 01:20:13]} {[%emt 00:00:12]} Re8
{[%clk 00:56:15]} {[%emt 00:00:51]} 15. Ng3 {[%clk 01:08:34]} {[%emt 00:12:10]}
g6 {[%clk 00:51:22]} {[%emt 00:05:23]} 16. b3 {[%clk 01:05:07]} {[%emt
00:03:56]} c5 {[%clk 00:46:47]} {[%emt 00:05:05]} 17. Bb2 {[%clk 01:03:38]}
{[%emt 00:01:58]} Qc7 {[%clk 00:41:25]} {[%emt 00:05:52]} 18. Qd2 {[%clk
01:00:01]} {[%emt 00:04:09]} Bg7 {[%clk 00:37:32]} {[%emt 00:04:22]} 19. Rac1
{[%clk 00:57:00]} {[%emt 00:03:31]} Rac8 {[%clk 00:33:45]} {[%emt 00:04:17]}
20. Bb1 {[%clk 00:51:00]} {[%emt 00:06:30]} Qd8 {[%clk 00:27:22]} {[%emt
00:06:53]} 21. Qf4 {[%clk 00:41:13]} {[%emt 00:10:17]} Qf6 {[%clk 00:23:12]}
{[%emt 00:04:40]} 22. Qe3 {[%clk 00:32:40]} {[%emt 00:09:02]} Qe7 {[%clk
00:19:52]} {[%emt 00:03:51]} 23. Re2 {[%clk 00:26:00]} {[%emt 00:07:10]} Nc6
{[%clk 00:17:31]} {[%emt 00:02:51]} 24. Rce1 {[%clk 00:23:22]} {[%emt
00:03:08]} b4 {[%clk 00:13:50]} {[%emt 00:04:10]} 25. dxc5 {[%clk 00:19:01]}
{[%emt 00:04:52]} dxc5 {[%clk 00:13:18]} {[%emt 00:01:03]} 26. Bxg7 {[%clk
00:19:20]} {[%emt 00:00:10]} 1/2-1/2

[Event "DVM U16 2021"]
[Site "Kiel GER"]
[Date "2022.07.23"]
[Round "1"]
[White "Morgenthaler, Nick"]
[Black "Gutewort, Paul Emil"]
[Result "1/2-1/2"]
[Termination "normal"]
[Board "6.2"]
[WhiteElo "1149"]
[BlackElo "1702"]
[WhiteClock "00:40:17"]
[BlackClock "00:26:10"]
[WhiteTeam "SK Frankenthal"]
[BlackTeam "Schachfreunde Nordost Berlin"]
[PlyCount "44"]
[WhiteFideId "16286138"]
[BlackFideId "16204182"]
[EventCountry "GER"]
[EventRounds "7"]
[EventType "team-swiss"]
[EventDate "2022.07.22"]

1. d4 {[%clk 01:30:55]} {[%emt 00:00:05]} g6 {[%clk 01:30:33]} {[%emt
00:00:28]} 2. c4 {[%clk 01:30:39]} {[%emt 00:00:46]} Bg7 {[%clk 01:30:54]}
{[%emt 00:00:08]} 3. e4 {[%clk 01:30:06]} {[%emt 00:01:04]} d6 {[%clk
01:30:59]} {[%emt 00:00:25]} 4. Nc3 {[%clk 01:29:52]} {[%emt 00:00:44]} e5
{[%clk 01:29:43]} {[%emt 00:01:45]} 5. Be3 {[%clk 01:28:06]} {[%emt 00:02:17]}
exd4 {[%clk 01:29:57]} {[%emt 00:00:15]} 6. Bxd4 {[%clk 01:27:41]} {[%emt
00:00:56]} Nf6 {[%clk 01:30:19]} {[%emt 00:00:07]} 7. Nd5 {[%clk 01:22:53]}
{[%emt 00:05:18]} Nc6 {[%clk 01:19:02]} {[%emt 00:11:47]} 8. Nxf6+ {[%clk
01:17:57]} {[%emt 00:05:26]} Bxf6 {[%clk 01:19:24]} {[%emt 00:00:08]} 9. Bxf6
{[%clk 01:17:26]} {[%emt 00:01:01]} Qxf6 {[%clk 01:19:48]} {[%emt 00:00:05]}
10. Qd2 {[%clk 01:11:49]} {[%emt 00:06:08]} Be6 {[%clk 01:15:55]} {[%emt
00:04:23]} 11. f4 {[%clk 01:08:03]} {[%emt 00:04:16]} O-O-O {[%clk 01:10:45]}
{[%emt 00:05:40]} 12. O-O-O {[%clk 01:07:25]} {[%emt 00:01:09]} Rhe8 {[%clk
01:02:54]} {[%emt 00:08:20]} 13. h3 {[%clk 01:04:58]} {[%emt 00:02:57]} Qg7
{[%clk 00:49:35]} {[%emt 00:13:49]} 14. Bd3 {[%clk 00:58:09]} {[%emt 00:07:19]}
f5 {[%clk 00:42:16]} {[%emt 00:07:48]} 15. exf5 {[%clk 00:54:44]} {[%emt
00:03:56]} Bxf5 {[%clk 00:40:21]} {[%emt 00:02:26]} 16. Nf3 {[%clk 00:53:49]}
{[%emt 00:01:24]} Re7 {[%clk 00:37:26]} {[%emt 00:03:24]} 17. Rhe1 {[%clk
00:52:19]} {[%emt 00:02:01]} Rde8 {[%clk 00:36:41]} {[%emt 00:01:14]} 18. Rxe7
{[%clk 00:51:01]} {[%emt 00:01:48]} Rxe7 {[%clk 00:34:10]} {[%emt 00:03:01]}
19. Bxf5+ {[%clk 00:49:27]} {[%emt 00:02:05]} gxf5 {[%clk 00:34:32]} {[%emt
00:00:08]} 20. Re1 {[%clk 00:48:12]} {[%emt 00:01:45]} Rxe1+ {[%clk 00:33:36]}
{[%emt 00:01:26]} 21. Nxe1 {[%clk 00:45:23]} {[%emt 00:03:19]} Kd7 {[%clk
00:26:47]} {[%emt 00:07:18]} 22. Nf3 {[%clk 00:40:17]} {[%emt 00:05:37]} h6
{[%clk 00:26:10]} {[%emt 00:01:06]} 1/2-1/2